[Event "EU-ch U10 26th"]
[Site "Prague"]
[Date "2016.08.22"]
[Round "5"]
[White "Bobkov, Timofey"]
[Black "Ivanov, Artem1111"]
[Result "0-1"]
[WhiteElo "1243"]
[BlackElo "1689"]
[PlyCount "34"]
[EventDate "2016.08.18"]
[EventType "swiss"]
[EventRounds "9"]
[EventCountry "CZE"]
[SourceTitle "CBM 174 Extra"]
[Source "ChessBase"]
[SourceDate "2016.10.10"]
[SourceVersion "1"]
[SourceVersionDate "2016.10.10"]
[SourceQuality "1"]

1. e4 e5 2. Nf3 Nc6 3. Bc4 Bc5 4. Nc3 Nf6 5. d3 d6 6. h3 h6 7. Be3 Be6 8. Bxe6 fxe6 9. Bxc5 dxc5 10. Qd2 0-0 11. 0-0 Nh5 12. Ne2 Rxf3 13. gxf3 Qh4 14. Kh2 Nd4 15. Nxd4 Nf4 16. Qxf4 Qxf4+ 17. Kg2 cxd4 0-1

[Event "EU-ch U10 26th"]
[Site "Prague"]
[Date "2016.08.18"]
[Round "1"]
[White "Bobkov, Timofey"]
[Black "Laux, Dominik"]
[Result "1/2-1/2"]
[WhiteElo "1243"]
[BlackElo "1659"]
[PlyCount "174"]
[EventDate "2016.08.18"]
[EventType "swiss"]
[EventRounds "9"]
[EventCountry "CZE"]
[SourceTitle "CBM 174 Extra"]
[Source "ChessBase"]
[SourceDate "2016.10.10"]
[SourceVersion "1"]
[SourceVersionDate "2016.10.10"]
[SourceQuality "1"]

1. e4 d5 2. exd5 Qxd5 3. Nc3 Qa5 4. d3 Nf6 5. Bd2 c6 6. Nf3 Bf5 7. Be2 Nbd7 8. 0-0 e6 9. Ne4 Qd8 10. Ng3 Bg6 11. Bc3 Be7 12. Qd2 Qc7 13. Nh4 Bd6 14. Nxg6 hxg6 15. Bxf6 Nxf6 16. c4 0-0-0 17. Qe3 Kb8 18. Rab1 Bf4 19. Qc5 Rh7 20. h3 Bxg3 21. fxg3 Qxg3 22. Rf3 Qd6 23. Qa5 Rh5 24. Qa4 Re5 25. Qc2 Qd4+ 26. Kh1 Re3 27. Rbf1 Rxf3 28. Rxf3 e5 29. b3 Rd7 30. a4 c5 31. Qc1 Rd6 32. Qc2 Rd7 33. Qc1 Re7 34. Bf1 Kc7 35. Be2 Re6 36. Qc2 Rb6 37. g4 Qd7 38. Qc3 Qe7 39. Re3 Nd7 40. Bf3 Qg5 41. Re1 Qf4 42. Kg2 Qd4 43. Qc2 Nf6 44. g5 Nh5 45. Bxh5 gxh5 46. Rf1 f6 47. Rf5 Rd6 48. gxf6 gxf6 49. Rxh5 Qxd3 50. Rh7+ Kc6 51. Qxd3 Rxd3 52. Rf7 Rxb3 53. h4 Rb4 54. h5 Rxc4 55. Kg3 Rf4 56. h6 Rf5 57. Kg4 Rf1 58. h7 Rh1 59. Kf5 a6 60. Kg6 b5 61. Kg7 b4 62. Rxf6+ Kb7 63. Rh6 Rg1+ 64. Kf7 b3 65. h8Q b2 66. Rb6+ Kxb6 67. Qb8+ Ka5 68. Qxb2 Kxa4 69. Qxe5 Kb5 70. Qe3 Ra1 71. Qe2+ Kc6 72. Qe4+ Kb5 73. Qg2 Ra4 74. Ke6 Rd4 75. Qb2+ Kc6 76. Qa3 Kb5 77. Ke5 Kb6 78. Qh3 a5 79. Qe6+ Kb5 80. Qe8+ Kb6 81. Qb8+ Kc6 82. Qa8+ Kb6 83. Ke6 Rd3 84. Qb8+ Kc6 85. Qf4 Rd4 86. Qf3+ Kb6 87. Qb3+ Rb4 1/2-1/2